Southville International School and Colleges
Your cart is empty.
  • Cart
  • Lists
    Public lists Eva Luna New books Lux_list list_1
    Your lists Log in to create your own lists
  • Log in to your account
  • Your cookies
  • Search history
Southville International School and Colleges
  • Advanced search
  • Recent comments
  • Most popular
  • Libraries

Log in to your account

Log in with GOOGLE


If you do not have an external account, but do have a local account, you can still log in:

  1. Home
  2. MARC view: Lightning from heaven /
Normal view MARC view ISBD view

Lightning from heaven / (Record no. 9011)

[ view plain ]
MARC details
000 -LEADER
fixed length control field 00498nam a22001817a 4500
003 - CONTROL NUMBER IDENTIFIER
control field OSt
005 - DATE AND TIME OF LATEST TRANSACTION
control field 20140310182052.0
008 - FIXED-LENGTH DATA ELEMENTS--GENERAL INFORMATION
fixed length control field 130822t xxu||||| |||| 00| 0 eng d
050 ## - LIBRARY OF CONGRESS CALL NUMBER
Classification number BT 736
Item number .W638 1993
082 ## - DEWEY DECIMAL CLASSIFICATION NUMBER
Classification number HS 231
Item number Wi63 1993
100 ## - MAIN ENTRY--PERSONAL NAME
Personal name Widdas, John
9 (RLIN) 12138
245 ## - TITLE STATEMENT
Title Lightning from heaven /
Statement of responsibility, etc John Widdas and Peter Mockford.
260 ## - PUBLICATION, DISTRIBUTION, ETC. (IMPRINT)
Place of publication, distribution, etc Eastbourne :
Name of publisher, distributor, etc Kingsway Publications,
Date of publication, distribution, etc 1993.
300 ## - PHYSICAL DESCRIPTION
Extent 219 p. ;
Dimensions 18 cm.
650 ## - SUBJECT ADDED ENTRY--TOPICAL TERM
Topical term or geographic name as entry element Revolution
9 (RLIN) 12139
942 ## - ADDED ENTRY ELEMENTS (KOHA)
Source of classification or shelving scheme Library of Congress Classification
Holdings
Withdrawn status Lost status Source of classification or shelving scheme Damaged status Home library Current library Shelving location Date acquired Total Checkouts Full call number Barcode Date last seen Copy number Price effective from Koha item type
    Library of Congress Classification   Luxembourg Library Luxembourg Library High School Section 08/22/2013   BT 736 .W638 1993 4541 04/19/2016 1 08/22/2013 Books

Lightning from heaven /

APA

Widdas J., . (1993). Lightning from heaven. Eastbourne: Kingsway Publications.

Chicago

Widdas John, . 1993. Lightning from heaven. Eastbourne: Kingsway Publications.

Harvard

Widdas J., . (1993). Lightning from heaven. Eastbourne: Kingsway Publications.

MLA

Widdas John, . Lightning from heaven. Eastbourne: Kingsway Publications. 1993.

  • Place hold
  • Print
  • Cite
  • Add to your cart (remove)
  • Save record
    BIBTEX Dublin Core MARCXML MARC (non-Unicode/MARC-8) MARC (Unicode/UTF-8) MARC (Unicode/UTF-8, Standard) MODS (XML) RIS
  • More searches
    Search for this title in:
    Other Libraries (WorldCat) Other Databases (Google Scholar) Online Stores (Bookfinder.com) Open Library (openlibrary.org)

Exporting to Dublin Core...

SOUTHVILLE LIBRARY

Southville International School and Colleges Library

1281 Tropical Ave. Cor. Luxembourg St., BF Homes International, Las Pinas City

Tel. No. 8256374 / 252358 Loc. 117/146

Powered by Koha